000 00285nam a2200109Ia 4500
008 190914s9999||||xx |||||||||||||| ||und||
100 _aR.Srinivasan
245 0 _aCase Studies in Marketing the indian context
260 _aNew Jersey
_bThomson South
_c1994
300 _a244
942 _cBK
999 _c9456
_d9456